000 00387nam a2200157Ia 4500
008 231217s9999 xx 000 0 und d
020 _a817881126X
041 _aEnglish
082 _a658.848 JAY;1 R
100 _aJayaswal, Mayura R.
245 0 _aInternational trade and WTO
260 _c2002
_bIcfai
_aHyderabad
300 _aix, 174+A10
650 _atrade,WTO
942 _cAA
999 _c188266
_d188266